Field-effect transistors (Record no. 23498)

000 -LEADER
fixed length control field 00539nam a22002057a 4500
001 - CONTROL NUMBER
control field 23498
003 - CONTROL NUMBER IDENTIFIER
control field BD-DhUET
008 - FIXED-LENGTH DATA ELEMENTS--GENERAL INFORMATION
fixed length control field 150504b xxu||||| |||| 00| 0 eng d
040 ## - CATALOGING SOURCE
Transcribing agency DLC
Modifying agency BD-DhUET
082 ## - DEWEY DECIMAL CLASSIFICATION NUMBER
Classification number 623.8151
Item number SEV/1965
100 ## - MAIN ENTRY--PERSONAL NAME
Personal name Sevin, Leonce J.
245 ## - TITLE STATEMENT
Title Field-effect transistors
250 ## - EDITION STATEMENT
Edition statement 1st ed.
260 ## - PUBLICATION, DISTRIBUTION, ETC. (IMPRINT)
Place of publication, distribution, etc. New York
Name of publisher, distributor, etc. McGraw-Hill
Date of publication, distribution, etc. 1965
300 ## - PHYSICAL DESCRIPTION
Extent viii, 130p.
490 ## - SERIES STATEMENT
Series statement Texas instruments electronics series
504 ## - BIBLIOGRAPHY, ETC. NOTE
Bibliography, etc Includes bibliographies
650 #0 - SUBJECT ADDED ENTRY--TOPICAL TERM
Topical term or geographic name as entry element Transistors : Electronics
942 ## - ADDED ENTRY ELEMENTS (KOHA)
Koha item type General Book
Holdings
Withdrawn status Koha item type Koha date last seen Damaged status Location (home branch) Koha full call number Koha normalized classification for sorting Not for loan Piece designation (barcode) Date acquired Lost status Source of classification or shelving scheme Shelving location Price effective from Sublocation or collection (holding branch) Copy number
 General Book2015-05-04 Central Library, BUET623.8151/SEV/1965623_815100000000000_SEV_1965 99612015-05-04  Circulation section2015-05-04Central Library, BUET1
 General Book2015-05-04 Central Library, BUET623.8151/SEV/1965623_815100000000000_SEV_1965 99622015-05-04  Circulation section2015-05-04Central Library, BUET2
 General Book2015-05-04 Central Library, BUET623.8151/SEV/1965623_815100000000000_SEV_1965 444182015-05-04  Circulation section2015-05-04Central Library, BUET3
 General Book2015-05-04 Central Library, BUET623.8151/SEV/1965623_815100000000000_SEV_1965 444192015-05-04  Circulation section2015-05-04Central Library, BUET4
 General Book2015-05-05 Central Library, BUET623.8151/SEV/1965623_815100000000000_SEV_1965 99602015-05-05  Circulation section2015-05-05Central Library, BUET5